000 00300nam a22001217a 4500
040 _cPT
082 _a636 DAV 1980 C278
100 _aDAVID ALLEN AND BRAN KILLKENNY
245 _aplanned beef production
260 _aNew York
_bDAVID ALLEN AND BRAN KILLKENNY
_c1980
300 _a229p;
942 _cEK
999 _c11214
_d11214